000 00802nab a2200241 u 4500
001 17583
003 HDC
007 cr bn ---aaaaa
008 210224c20111223xx dr|noo 0 a eng d
040 _aHDC
245 0 _aMany Macedonian companies express interest in meeting Halal standards
260 _a[No place] :
_b[publisher not identified],
_c2011
336 _atext
_2rdacontent
337 _acomputer
_2rdamedia
338 _aonline resource
_2rdacarrier
650 _afood products
_92068
650 _aHalal standards
_92716
710 _aHalal focus
856 _zRequest full-text at [email protected]
942 _2lcc
942 _cNEWS
942 _kNWSO 005959
999 _c14899
_d14899